000 00568nam a2200193Ia 4500
008 090123s9999 xx 000 0 und d
082 _b4157
_a891.463/आपटे
100 _aनंदा गुलशन
245 _aहिरवा चुडा
250 _a1
260 _bमनोरंजन
_c1975
300 _a116
600 _aनंदा गुलशन
630 _aहिरवा चुडा
700 _aनंदा गुलशन
700 _aआपटे वा.शि.
730 _aहिरवा चुडा
942 _cBOOK
999 _c42233
_d42233